হিউয়েন সাঙের দেখা ভারত / (Record no. 72992)
[ view plain ]
| 000 -LEADER | |
|---|---|
| fixed length control field | 00851nam a22002177a 4500 |
| 001 - CONTROL NUMBER | |
| control field | 72992 |
| 003 - CONTROL NUMBER IDENTIFIER | |
| rucl marc code | BD-RjUL |
| 005 - DATE AND TIME OF LATEST TRANSACTION | |
| control field | 20211209082333.0 |
| 008 - FIXED-LENGTH DATA ELEMENTS--GENERAL INFORMATION | |
| fixed length control field | 170527r19881982ii ||||| |||| 00| 0 ben d |
| 035 ## - SYSTEM CONTROL NUMBER | |
| System control number | (BD-RjUL)73210 |
| 040 ## - CATALOGING SOURCE | |
| Original cataloging agency | BD-RjUL |
| Language of cataloging | ben |
| Transcribing agency | BD-RjUL |
| 041 ## - LANGUAGE CODE | |
| Language code of text/sound track or separate title | ben |
| 082 ## - DEWEY DECIMAL CLASSIFICATION NUMBER | |
| Edition number | 23 |
| Classification number | 915 |
| Author mark and year | DAH 1988 |
| 100 1# - MAIN ENTRY--PERSONAL NAME | |
| Personal name | দাশগুপ্ত, প্রেমময় |
| 9 (RLIN) | 136242 |
| 245 10 - TITLE STATEMENT | |
| Title | হিউয়েন সাঙের দেখা ভারত / |
| Remainder of title | সংকলক প্রেমময় দাশগুপ্ত |
| 260 ## - PUBLICATION, DISTRIBUTION, ETC. (IMPRINT) | |
| Place of publication, distribution, etc. | কলকাতা |
| Name of publisher, distributor, etc. | ফার্মা কে এল এম লি |
| Date of publication, distribution, etc. | ১৯৮২ [মুদ্রণ ১৯৮৮] |
| 300 ## - PHYSICAL DESCRIPTION | |
| Pagination | ১৮৮ পৃ |
| Size | ২২ সেমি. |
| 651 ## - SUBJECT ADDED ENTRY--GEOGRAPHIC NAME | |
| Geographic name | এশিয়া, ভারত |
| General subdivision | ভ্রমণ |
| 9 (RLIN) | 215870 |
| Geographic name | Asia, India |
| General subdivision | Travel |
| 9 (RLIN) | 215871 |
| 942 ## - ADDED ENTRY ELEMENTS (KOHA) | |
| Source of classification or shelving scheme | Dewey Decimal Classification |
| Koha item type | Books |
| Lost status | Source of classification or shelving scheme | Damaged status | Not for loan | Collection code | Permanent Location | Current Location | Shelving location | Date acquired | Source of acquisition | Cost, normal purchase price | Total Checkouts | Full call number | Date last seen | Copy number | Koha item type |
|---|---|---|---|---|---|---|---|---|---|---|---|---|---|---|---|
| Dewey Decimal Classification | Not For Loan | Non-fiction | Central Library, University of Rajshahi | Central Library, University of Rajshahi | Reading Room | 30/01/1997 | Dhaka, Ankur Prakashani. | 27.00 | B 915 DAH 1988 | 27/05/2017 | C-1 | Books | |||
| Dewey Decimal Classification | Non-fiction | Central Library, University of Rajshahi | Central Library, University of Rajshahi | General Stacks | 28/05/1992 | Dhaka : Karim International | 27.00 | B 915 DAH 1988 | 11/03/2025 | C-2 | Books |